000 01161naa a2200277 c 4500
001 48133
003 ES-MaCES
005 20161102094626.0
008 160912s2016 fr ||||| t||||||| ||fre d
040 _aES-MaCES
_bspa
_cES-MaCES
_dES-MaCES
100 1 _912088
_aFesty, Patrick
245 1 0 _aRecensements européens
_b: mouvements centrifuges et forces de rappel
_cPatrick Festy, Nathalie Le Bouteillec
500 _aResumen
504 _aBibliografía: p. 282-284
650 4 _928847
_acenso
650 4 _928510
_adinámica poblacional
650 4 _928502
_ademografía
650 4 _928842
_ametodología
650 4 _928255
_anormalización
650 4 _926752
_aUE
653 1 0 _aCiencias Sociales-Políticas
700 1 _937284
_aBouteillec, Nathalie Le
773 0 _984687
_dParis (18, boulevard Adolphe Pinard, 75675, Cedex 14) Ministére de l'économie, des finances et de l'industrie, Institut national de la statistique et des études économiques [ca. 1967]-
_o087588
_tEconomie et statistique
_w(ES-MaCES)25701
_gnº 483-484-485 (2016) {10700 R. 087588} ;p. 259-284
902 _aART Artículo de revista
942 _2CES
_cAR
_h7.0.
999 _c48133
_d48133